000 01165nam0a22002651 4500
001 rc\4492151
005 20250612100819.0
021 _aRU
_b[64-24854]
035 _a(NLR Aleph) 008609196
090 _a8752901
_c8752901
100 _a20130416d1964 |||y0rusy50 ca
101 0 _arus
102 _aRU
105 _ay z |||||
200 1 _aТезисы докладов
_fАкад. мед. наук СССР. Ин-т эпидемиологии и микробиологии им. Н.Ф. Гамалеи. Конференция по вопросам иммунологии и эксперим. онкологии. 25-27 марта 1964 г.
210 _aМосква
_cБ. и.
_d1964
215 _a25 с.
_d21
606 _aОнкология экспериментальная
_jТезисы докладов
_2psbo
606 _aИммунитет
_jТезисы докладов
_2psbo
710 1 2 _aКонференция по вопросам иммунологии и экспериментальной онкологии (1964; Москва)
801 0 _aRU
_bNLR
_gpsbo
801 1 _aRU
_bELAR
_2rusmarc
852 _aNLR
_j64-6/4157
942 _cBOOK
980 _aNB